000 00951nam a2200253Ia 4500
003 OSt
005 20220930072842.0
006 a|||||r|||| 00| 0
007 ta
008 220926b |||||||| |||| 00| 0 eng d
024 _a25610
037 _cTheses
040 _aCRL
_cCRL
_beng
041 _2eng
_aeng
100 _aMohanty Amitabh
_9530578
110 _aUniversity of Delhi. Faculty of Inter-disciplinary and Applied Sciences. Department of Plant Molecular Biology
_9523650
245 0 _aGenetic transformation of Indica RIce (Oriyza sativa L.Var. Pusa basmati) for promoter analysis and abiotic stress tolerance
260 _c1999
650 _aPLANTS
700 _a Tyagi Akhiesh K Supervisor
_9530579
700 _aUniversity of Delhi. Faculty of Inter-disciplinary and Applied Sciences. Department of Plant Molecular Biology
_9523651
942 _cDIS
_2CC
999 _c864392
_d864392